Town centre investment zones (Record no. 115675)

MARC details
000 -LEADER
fixed length control field 01199cam a22002535a 4500
001 - CONTROL NUMBER
control field L159100
008 - FIXED-LENGTH DATA ELEMENTS--GENERAL INFORMATION
fixed length control field 160127s2016 xxk f 000 0 eng d
035 ## - SYSTEM CONTROL NUMBER
System control number (Sirsi) u159100
041 0# - LANGUAGE CODE
Language code of text/sound track or separate title eng
110 2# - MAIN ENTRY--CORPORATE NAME
Corporate name or jurisdiction name as entry element Peter Brett Associates
9 (RLIN) 6176
245 00 - TITLE STATEMENT
Title Town centre investment zones
Remainder of title Getting investment back into the high street
Medium [electronic resource]
520 ## - SUMMARY, ETC.
Summary, etc. Highlights fragmented ownership as a key obstacle to regeneration of town and city centres. Considers the creation of an asset management style Town Centre Investment Management (ICIM) model to bring town centres to life by considering leisure, residential as well as retail needs of the area. Supports the idea of the creation of Town Centre Investment Zones
590 ## - LOCAL NOTE (RLIN)
Local note KA
650 24 - SUBJECT ADDED ENTRY--TOPICAL TERM
Topical term or geographic name entry element TOWN CENTRES
651 #4 - SUBJECT ADDED ENTRY--GEOGRAPHIC NAME
Geographic name ENGLAND AND WALES
690 ## - LOCAL SUBJECT ADDED ENTRY--TOPICAL TERM (OCLC, RLIN)
Topical term or geographic name as entry element Investments
9 (RLIN) 6250
690 ## - LOCAL SUBJECT ADDED ENTRY--TOPICAL TERM (OCLC, RLIN)
Topical term or geographic name as entry element Property management
9 (RLIN) 6262
690 ## - LOCAL SUBJECT ADDED ENTRY--TOPICAL TERM (OCLC, RLIN)
Topical term or geographic name as entry element Commercial property
9 (RLIN) 6227
690 ## - LOCAL SUBJECT ADDED ENTRY--TOPICAL TERM (OCLC, RLIN)
Topical term or geographic name as entry element Residential property
9 (RLIN) 6266
710 1# - ADDED ENTRY--CORPORATE NAME
Corporate name or jurisdiction name as entry element Citicentric
710 1# - ADDED ENTRY--CORPORATE NAME
Corporate name or jurisdiction name as entry element Bond Dickinson
856 40 - ELECTRONIC LOCATION AND ACCESS
Uniform Resource Identifier <a href="https://www.bonddickinson.com/sites/default/files/tcim_summary_paper_final.pdf">https://www.bonddickinson.com/sites/default/files/tcim_summary_paper_final.pdf</a>
Public note View the item free of charge from www.bonddickinson.com website.
942 ## - ADDED ENTRY ELEMENTS (KOHA)
Suppress in OPAC 0
Holdings
Withdrawn status Lost status Source of classification or shelving scheme Damaged status Not for loan Home library Current library Shelving location Date acquired Total Checkouts Full call number Barcode Date last seen Copy number Price effective from Koha item type
    Dewey Decimal Classification     Virtual Virtual Online 27/01/2016   ONLINE PUBLICATION 159100-2001 06/08/2019 1 06/08/2019 Book